000
00284nam a2200121Ia 4500
008
240624s9999 xx 000 0 und d
041
_a
eng
082
_a
004 TAT
100
_a
TATA INFOTECH
245
_a
COURSEWARE
260
_a
Delhi
_b
Tata Infotech Ltd
300
_a
338 : p. : cm. ; 26
999
_c
5374
_d
5374